Análisis y evaluación de la política de protección especial a niños, niñas y adolescentes
El presente trabajo de tesis es un análisis y evaluación de la Política de Protección Especial a Niños, Niñas y Adolescentes, enfocada en su conceptualización, proceso de formulación, estructura y de la aplicación de las medidas de protección que garantizan o restituyen los derechos de las...
| Main Author: | |
|---|---|
| Other Authors: | |
| Format: | Tesis Section = Libro |
| Language: | Undetermined Spanish |
| Published: |
Managua
UNI
2012
|
| Subjects: |
| LEADER | 01026nam a2200217Ia 4500 | ||
|---|---|---|---|
| 008 | 240830s9999 xx 000 0 und d | ||
| 040 | |a BIBLIOTECA-RUSB/ P.Mon 323.352 S276 | ||
| 041 | |a spa | ||
| 082 | |a P.Mon 323.352 S276 | ||
| 100 | 1 | |a Sbezzi, Laura María | |
| 245 | 1 | 0 | |a Análisis y evaluación de la política de protección especial a niños, niñas y adolescentes |
| 260 | |a Managua |b UNI |c 2012 | ||
| 300 | |a 142 p. :il. | ||
| 502 | |a Tesis (Posgrado en Políticas Públicas) - UNI, 2012. | ||
| 520 | 3 | |a El presente trabajo de tesis es un análisis y evaluación de la Política de Protección Especial a Niños, Niñas y Adolescentes, enfocada en su conceptualización, proceso de formulación, estructura y de la aplicación de las medidas de protección que garantizan o restituyen los derechos de las niñas, niños y adolescentes nicaragüenses. | |
| 650 | 7 | |a DERECHOS CIVILES Y POLITICOS | |
| 650 | 7 | |b NIÑOS LEGISLACION | |
| 700 | 1 | |a Tutor: | |
| 942 | |c BK |2 ddc | ||
| 991 | |a TESIS | ||
| 999 | |c 21551 | ||